Võ Tắc Thiên; T2

Gorde:
Xehetasun bibliografikoak
Egile nagusia: Dã Lĩnh Y Nhân
Formatua: Liburua
Hizkuntza:Undetermined
Argitaratua: Hà Nội Phụ Nữ 2004
Gaiak:
Etiketak: Etiketa erantsi
Etiketarik gabe, Izan zaitez lehena erregistro honi etiketa jartzen!
Thư viện lưu trữ: Trung tâm Học liệu Trường Đại học Cần Thơ
LEADER 00533nam a2200193Ia 4500
001 CTU_62207
008 210402s9999 xx 000 0 und d
020 |b 104000 
082 |a 895.13081 
082 |b Nh121/T2 
100 |a Dã Lĩnh Y Nhân 
245 0 |a Võ Tắc Thiên; T2 
245 0 |c Dã Lĩnh Y Nhân; 
260 |a Hà Nội 
260 |b Phụ Nữ 
260 |c 2004 
650 |a historical fiction, chinese ( vietnamese ) 
904 |i Minh 
980 |a Trung tâm Học liệu Trường Đại học Cần Thơ